100 Biggest Cities in Switzerland - Statistics

General Stats
  • This quiz has been taken 151 times
  • The average score is 42 of 100
Answers on the Map
Answers color-coded by a green-red scale on the quiz's map according to % correct below.
 
Answer Stats
Population Canton Answer % Correct
136'988 BE Bern
99%
206'635 GE Genf
99%
433'989 ZH Zürich
99%
144'160 VD Lausanne
95%
176'329 BS Basel
93%
85'534 LU Luzern
91%
63'495 TI Lugano
88%
78'213 SG St. Gallen
86%
119'315 ZH Winterthur
83%
38'660 FR Fribourg
80%
44'898 NE Neuchatel
80%
39'242 GR Chur
78%
36'624 VS Sion
77%
16'394 TI Locarno
74%
43'905 BE Thun
73%
31'995 ZG Zug
73%
44'743 TI Bellinzona
72%
55'932 BE Biel
72%
38'666 SH Schaffhausen
72%
22'290 AG Aarau
68%
26'828 VD Montreux
66%
16'855 SO Solothurn
66%
23'016 VD Nyon
57%
16'181 SZ Schwyz
56%
24'980 SG Wil
56%
18'715 SO Olten
55%
30'202 VD Yverdon-les-Bains
55%
37'233 NE La Chaux de Fonds
53%
20'139 VD Vevey
53%
20'430 AG Baden
52%
15'834 BL Liestal
52%
26'747 TG Frauenfeld
51%
21'759 VS Martigny
50%
28'640 SG Rapperswil Jona
44%
21'272 ZH Kloten
43%
42'958 BE Köniz
41%
17'663 VS Sierre
41%
28'201 ZH Dietikon
40%
26'749 FR Bulle
38%
32'380 LU Emmen
38%
15'893 AR Herisau
38%
18'295 SO Grenchen
35%
29'632 LU Kriens
35%
23'241 TG Kreuzlingen
34%
36'352 ZH Uster
34%
22'311 GE Carouge
33%
17'867 ZG Cham
33%
14'044 SZ Küssnacht
33%
17'720 VD Morges
33%
21'479 AG Wettingen
33%
24'973 ZG Baar
32%
31'506 ZH Dübendorf
32%
16'566 BL Pratteln
32%
37'460 GE Vernier
32%
24'186 ZH Bülach
30%
23'709 ZH Horgen
30%
16'077 BE Langenthal
30%
17'119 BE Burgdorf
29%
16'464 SZ Einsiedeln
28%
19'639 GL Glarus Nord
28%
18'454 SG Gossau
28%
14'751 ZH Meilen
28%
18'234 BL Muttenz
28%
36'229 GE Lancy
27%
15'068 TI Mendrisio
27%
21'408 VD Renens
27%
22'408 BS Riehen
27%
20'581 ZH Schlieren
27%
26'462 ZH Wetzikon
27%
18'886 VS Monthey
26%
15'067 ZH Stäfa
26%
15'853 TG Arbon
25%
15'162 ZH Küsnacht
25%
18'561 ZH Thalwil
25%
25'753 ZH Wädenswil
25%
17'679 ZH Illnau Effretikon
23%
26'882 GE Meyrin
23%
15'664 BL Binningen
22%
18'886 GE Onex
22%
21'553 ZH Opfikon
22%
19'287 VD Pully
22%
20'258 BL Reinach
22%
17'481 AG Wohlen
22%
18'195 BE Ostermundigen
21%
19'723 ZH Volketswil
21%
17'625 ZH Wallisellen
21%
19'707 ZH Adliswil
20%
22'110 BL Allschwil
20%
15'080 AG Oftringen
20%
14'279 SG Uzwil
20%
16'943 SZ Freienbach
19%
16'406 BE Lyss
19%
19'676 ZH Regensdorf
19%
16'467 BE Steffisburg
19%
16'690 GE Thonex
19%
14'643 TG Amriswil
18%
15'475 LU Horw
18%
14'209 ZH Richterswil
18%
14'662 LU Ebikon
17%
17'499 NE Val de Ruz
12%
No matching quizzes found
Score Distribution
Percent of People with Each Score
Percentile by Number Answered
Your Score History
You have not taken this quiz